Pays qui contribuent le plus au budget de l'ONU - Statistiques

Statistiques générales
  • Ce quiz a été pris 179 fois
  • Le résultat moyen est 9 sur 10
Statistiques - réponses
Part du budget de l'ONU Pays % Correct
22,00% Etats-Unis
100%
5,59% France
100%
7,14% Allemagne
99%
5,17% Royaume-Uni
95%
5,14% Chine
94%
2,97% Espagne
93%
4,44% Italie
91%
10,83% Japon
90%
2,98% Canada
89%
1,84% Mexique
64%
Aucun quiz correspondant
Distribution des résultats
% des personnes avec chaque résultat
Percentile par nombre de réponses
Votre historique - résultats
Vous n’avez pas pris ce quiz